Superbowl LX Halftime Show - Statistics

General Stats
  • This quiz has been taken 6 times
  • The average score is 5 of 14
Answer Stats
Album Answer % Correct
DeBÍ TiRAR MáS FOToS DtMF
100%
Un Verano Sin Ti Tití Me Preguntó
83%
DeBÍ TiRAR MáS FOToS Baile INoLVIDABLE
67%
DeBÍ TiRAR MáS FOToS NUEVAYoL
67%
Un Verano Sin Ti El Apagón
50%
Standalone Single Die With a Smile
33%
DeBÍ TiRAR MáS FOToS EoO
33%
YHLQMDLG Yo Perreo Sola
33%
DeBÍ TiRAR MáS FOToS CAFé CON RON
17%
DeBÍ TiRAR MáS FOToS LO QUE LE PASÓ A HAWAii
17%
Nadie Sabe Lo Que Va a Pasar Mañana MONACO
17%
DeBÍ TiRAR MáS FOToS VOY A LLeVARTE PA PR
17%
Un Verano Sin Ti Party
0%
YHLQMDLG Safaera
0%
No matching quizzes found
Score Distribution
Percent of People with Each Score
Percentile by Number Answered
Your Score History
You have not taken this quiz